[Event "Caissa New Year IM 2012"]
[Site "Kecskemet (HUN)"]
[Date "2011.12.27"]
[Round "1.1"]
[White "Varga, Klara"]
[Black "Keresztes, Richard"]
[Result "0-1"]
[WhiteElo "2127"]
[BlackElo "2255"]
[PlyCount "46"]
[EventDate "2011.??.??"]

1. e4 c5 2. Nf3 d6 3. d4 cxd4 4. Nxd4 Nf6 5. Nc3 a6 6. Rg1 e5 7. Nb3 Be6 8. g4
Nc6 9. g5 Nd7 10. Be3 Rc8 11. Qd2 Na5 12. Nd5 Nc4 13. Bxc4 Rxc4 14. Na5 Rxe4
15. Nxb7 Qb8 16. Na5 Nb6 17. Nxb6 Qxb6 18. O-O-O Qc7 19. Nb3 d5 20. Qd3 Rc4 21.
Nd2 Rc6 22. f4 g6 23. c3 Bf5 0-1

[Event "Caissa New Year IM 2012"]
[Site "Kecskemet (HUN)"]
[Date "2011.12.27"]
[Round "1.3"]
[White "Farkas, Tibor"]
[Black "Meszaros, Gyula"]
[Result "1/2-1/2"]
[WhiteElo "2276"]
[BlackElo "2314"]
[PlyCount "28"]
[EventDate "2011.??.??"]

1. c4 Nf6 2. Nf3 e6 3. g3 d5 4. b3 Be7 5. Bg2 O-O 6. O-O c6 7. Bb2 Nbd7 8. d3
b6 9. Nbd2 Bb7 10. Qc2 Rc8 11. Rac1 c5 12. e3 Qc7 13. Qb1 Qb8 14. Rfd1 Rfd8
1/2-1/2

[Event "Caissa New Year IM 2012"]
[Site "Kecskemet (HUN)"]
[Date "2011.12.28"]
[Round "2.1"]
[White "Keresztes, Richard"]
[Black "Meszaros, Gyula"]
[Result "1/2-1/2"]
[WhiteElo "2255"]
[BlackElo "2314"]
[PlyCount "32"]
[EventDate "2011.??.??"]

1. e4 e6 2. d4 d5 3. Nc3 Bb4 4. e5 c5 5. a3 cxd4 6. axb4 dxc3 7. bxc3 Nc6 8.
Nf3 Nge7 9. Bf4 Ng6 10. Bg3 O-O 11. Bd3 Bd7 12. O-O a6 13. Qd2 Rc8 14. Rae1 Re8
15. h4 Nf8 16. h5 h6 1/2-1/2

[Event "Caissa New Year IM 2012"]
[Site "Kecskemet (HUN)"]
[Date "2011.12.28"]
[Round "2.2"]
[White "Puranik, Abhimanyu"]
[Black "Farkas, Tibor"]
[Result "1-0"]
[WhiteElo "1991"]
[BlackElo "2276"]
[PlyCount "57"]
[EventDate "2011.??.??"]

1. e4 c5 2. Nf3 d6 3. d4 cxd4 4. Nxd4 Nf6 5. Nc3 a6 6. f4 Qc7 7. Be2 e5 8. Nf3
Nbd7 9. a4 Be7 10. O-O exf4 11. Bxf4 O-O 12. Kh1 Re8 13. Qd4 Bf8 14. Rad1 Nc5
15. e5 Ne6 16. exd6 Nxd4 17. dxc7 Nxe2 18. Nxe2 Rxe2 19. Rd8 Re8 20. Rfd1 Be6
21. Rxa8 Rxa8 22. Rd8 Rc8 23. Nd4 Bd7 24. Be5 Rxc7 25. Bxc7 Bxa4 26. b3 Be8 27.
Nf5 g6 28. Be5 Ng4 29. Ne7+ 1-0

[Event "Caissa New Year IM 2012"]
[Site "Kecskemet (HUN)"]
[Date "2011.12.28"]
[Round "2.3"]
[White "Varga, Klara"]
[Black "Sarosi, Zoltan"]
[Result "0-1"]
[WhiteElo "2127"]
[BlackElo "2305"]
[PlyCount "30"]
[EventDate "2011.??.??"]

1. e4 c5 2. Nf3 Nc6 3. d4 cxd4 4. Nxd4 Nf6 5. Bc4 Nxe4 6. Nxc6 bxc6 7. Bxf7+
Kxf7 8. Qf3+ Nf6 9. O-O e5 10. Re1 e4 11. Qb3+ d5 12. Nc3 Be6 13. Qb7+ Be7 14.
Qxc6 Rc8 15. Qb7 Rc7 0-1

[Event "Caissa New Year IM 2012"]
[Site "Kecskemet (HUN)"]
[Date "2011.12.28"]
[Round "3.1"]
[White "Sarosi, Zoltan"]
[Black "Keresztes, Richard"]
[Result "1/2-1/2"]
[WhiteElo "2305"]
[BlackElo "2255"]
[PlyCount "22"]
[EventDate "2011.??.??"]

1. d4 Nf6 2. c4 g6 3. Nc3 Bg7 4. e4 d6 5. Be2 O-O 6. Be3 e5 7. d5 Nbd7 8. g4
Nc5 9. f3 h5 10. Bg5 hxg4 11. fxg4 Qe8 1/2-1/2

[Event "Caissa New Year IM 2012"]
[Site "Kecskemet (HUN)"]
[Date "2011.12.28"]
[Round "3.2"]
[White "Farkas, Tibor"]
[Black "Varga, Klara"]
[Result "1/2-1/2"]
[WhiteElo "2276"]
[BlackElo "2127"]
[PlyCount "34"]
[EventDate "2011.??.??"]

1. e4 c5 2. Nf3 e6 3. d4 cxd4 4. Nxd4 Nf6 5. Nc3 Qb6 6. Nb3 a6 7. Be3 Qc7 8.
Bd3 b5 9. O-O Bb7 10. f4 d6 11. a3 Be7 12. Qf3 d5 13. exd5 Nxd5 14. Nxd5 Bxd5
15. Be4 Bxe4 16. Qxe4 Qc6 17. Qxc6+ Nxc6 1/2-1/2

[Event "Caissa New Year IM 2012"]
[Site "Kecskemet (HUN)"]
[Date "2011.12.29"]
[Round "4.2"]
[White "Varga, Klara"]
[Black "Meszaros, Gyula"]
[Result "1/2-1/2"]
[WhiteElo "2127"]
[BlackElo "2314"]
[PlyCount "24"]
[EventDate "2011.??.??"]

1. e4 e6 2. d4 d5 3. e5 c5 4. c3 Nc6 5. Nf3 Bd7 6. Be2 Nge7 7. a3 c4 8. O-O Na5
9. Nbd2 Bc6 10. Re1 Qd7 11. h4 h5 12. Bf1 g6 1/2-1/2

[Event "Caissa New Year IM 2012"]
[Site "Kecskemet (HUN)"]
[Date "2011.12.29"]
[Round "4.3"]
[White "Sarosi, Zoltan"]
[Black "Farkas, Tibor"]
[Result "1/2-1/2"]
[WhiteElo "2305"]
[BlackElo "2276"]
[PlyCount "22"]
[EventDate "2011.??.??"]

1. d4 f5 2. c4 Nf6 3. Nf3 g6 4. g3 Bg7 5. Bg2 O-O 6. O-O d6 7. Nc3 Qe8 8. d5 a5
9. Nd4 Na6 10. Rb1 Bd7 11. b3 c6 1/2-1/2

[Event "Caissa New Year IM 2012"]
[Site "Kecskemet (HUN)"]
[Date "2011.12.30"]
[Round "5.1"]
[White "Farkas, Tibor"]
[Black "Keresztes, Richard"]
[Result "1/2-1/2"]
[WhiteElo "2276"]
[BlackElo "2255"]
[PlyCount "27"]
[EventDate "2011.??.??"]

1. c4 Nf6 2. Nc3 e5 3. Nf3 Nc6 4. e3 d5 5. cxd5 Nxd5 6. a3 Be6 7. Qc2 Qd7 8. d3
Be7 9. Be2 O-O 10. O-O f6 11. Bd2 Rad8 12. Rac1 Nxc3 13. Bxc3 Bd5 14. Rfd1
1/2-1/2

[Event "Caissa New Year IM 2012"]
[Site "Kecskemet (HUN)"]
[Date "2011.12.30"]
[Round "5.2"]
[White "Meszaros, Gyula"]
[Black "Sarosi, Zoltan"]
[Result "1/2-1/2"]
[WhiteElo "2314"]
[BlackElo "2305"]
[PlyCount "35"]
[EventDate "2011.??.??"]

1. d4 d5 2. Nc3 Nf6 3. Bg5 Nbd7 4. Nf3 g6 5. e3 Bg7 6. Bd3 O-O 7. O-O c5 8. Re1
b6 9. e4 dxe4 10. Nxe4 cxd4 11. Nxd4 Bb7 12. c3 Nxe4 13. Bxe4 Bxe4 14. Rxe4 Nf6
15. Re1 Qd5 16. Nf3 Qb7 17. Qe2 e6 18. Ne5 1/2-1/2

[Event "Caissa New Year IM 2012"]
[Site "Kecskemet (HUN)"]
[Date "2011.12.30"]
[Round "5.3"]
[White "Puranik, Abhimanyu"]
[Black "Varga, Klara"]
[Result "1/2-1/2"]
[WhiteElo "1991"]
[BlackElo "2127"]
[PlyCount "90"]
[EventDate "2011.??.??"]

1. e4 e6 2. d4 d5 3. e5 c5 4. c3 Nc6 5. Nf3 Bd7 6. a3 cxd4 7. cxd4 Nh6 8. b4
Nf5 9. Bb2 Qb6 10. Be2 Be7 11. O-O f6 12. Bd3 Nh6 13. Nc3 fxe5 14. dxe5 O-O 15.
Na4 Qd8 16. Rc1 Be8 17. Nd4 Nxd4 18. Bxd4 Bg5 19. Nc5 Bxc1 20. Nxe6 Qh4 21.
Nxf8 Kxf8 22. Bc5+ Kg8 23. Qxc1 Bd7 24. Re1 Be6 25. Qe3 b6 26. Bd6 Nf7 27. Rc1
Qd8 28. Qf4 Rc8 29. Rxc8 Qxc8 30. h3 Qc3 31. Qf3 Qa1+ 32. Kh2 Qd4 33. Bf5 Ng5
34. Bxe6+ Nxe6 35. Qf5 Qf4+ 36. Qxf4 Nxf4 37. Kg3 Ne6 38. Kf3 Kf7 39. Ke3 a6
40. g3 g5 41. Bb8 h5 42. b5 axb5 43. Ba7 b4 44. axb4 b5 45. f3 Kg6 1/2-1/2

[Event "Caissa New Year IM 2012"]
[Site "Kecskemet (HUN)"]
[Date "2011.12.31"]
[Round "6.1"]
[White "Keresztes, Richard"]
[Black "Varga, Klara"]
[Result "1/2-1/2"]
[WhiteElo "2255"]
[BlackElo "2127"]
[PlyCount "27"]
[EventDate "2011.??.??"]

1. d4 e6 2. c4 Nf6 3. Nc3 Bb4 4. Qc2 d5 5. Nf3 c5 6. e3 Nc6 7. a3 Qa5 8. Bd2
cxd4 9. exd4 O-O 10. Rd1 Bxc3 11. Bxc3 Qc7 12. c5 a5 13. Bd3 a4 14. O-O 1/2-1/2

[Event "Caissa New Year IM 2012"]
[Site "Kecskemet (HUN)"]
[Date "2011.12.31"]
[Round "6.2"]
[White "Puranik, Abhimanyu"]
[Black "Sarosi, Zoltan"]
[Result "0-1"]
[WhiteElo "1991"]
[BlackElo "2305"]
[PlyCount "60"]
[EventDate "2011.??.??"]

1. e4 c5 2. Nf3 Nc6 3. d4 cxd4 4. Nxd4 Nf6 5. Nc3 d6 6. Bg5 Qb6 7. Nb3 e6 8.
Qd2 Be7 9. O-O-O a6 10. f4 O-O 11. Be2 Rd8 12. Bf3 Qc7 13. f5 Ne5 14. fxe6 Bxe6
15. Nd4 Nc4 16. Qd3 Qb6 17. Nb3 Rac8 18. Kb1 a5 19. Qd4 a4 20. Nxa4 Qb5 21. e5
dxe5 22. Nc3 Qb4 23. Qf2 Nxb2 24. Rxd8+ Bxd8 25. Kxb2 Qxc3+ 26. Kb1 Bxb3 27.
cxb3 Qd3+ 28. Kb2 Ba5 29. a3 Bc3+ 30. Ka2 Bd4 0-1

[Event "Caissa New Year IM 2012"]
[Site "Kecskemet (HUN)"]
[Date "2011.12.31"]
[Round "6.3"]
[White "Meszaros, Gyula"]
[Black "Farkas, Tibor"]
[Result "1/2-1/2"]
[WhiteElo "2314"]
[BlackElo "2276"]
[PlyCount "32"]
[EventDate "2011.??.??"]

1. Nf3 Nf6 2. c4 c5 3. Nc3 g6 4. g3 Bg7 5. Bg2 O-O 6. O-O Nc6 7. d4 cxd4 8.
Nxd4 Nxd4 9. Qxd4 d6 10. Qd3 Bf5 11. e4 Be6 12. Bd2 a6 13. Rac1 Rc8 14. b3 Nd7
15. Rfe1 Nc5 16. Qe2 a5 1/2-1/2

[Event "Caissa New Year IM 2012"]
[Site "Kecskemet (HUN)"]
[Date "2012.01.01"]
[Round "7.1"]
[White "Meszaros, Gyula"]
[Black "Keresztes, Richard"]
[Result "1/2-1/2"]
[WhiteElo "2314"]
[BlackElo "2255"]
[PlyCount "34"]
[EventDate "2012.??.??"]

1. d4 Nf6 2. Nc3 d5 3. Bg5 Nbd7 4. Nf3 g6 5. e3 Bg7 6. Bd3 O-O 7. O-O c5 8. Re1
b6 9. e4 dxe4 10. Nxe4 cxd4 11. Nxd4 Bb7 12. c3 Nxe4 13. Bxe4 Bxe4 14. Rxe4 Nf6
15. Re1 Qd5 16. Nf3 Qb7 17. Qe2 e6 1/2-1/2

[Event "Caissa New Year IM 2012"]
[Site "Kecskemet (HUN)"]
[Date "2012.01.01"]
[Round "7.2"]
[White "Farkas, Tibor"]
[Black "Puranik, Abhimanyu"]
[Result "0-1"]
[WhiteElo "2276"]
[BlackElo "1991"]
[PlyCount "54"]
[EventDate "2012.??.??"]

1. e4 e6 2. d3 d5 3. Qe2 c5 4. Nf3 Nc6 5. g3 Nf6 6. Bg2 Be7 7. O-O O-O 8. e5
Nd7 9. c4 Kh8 10. Nc3 d4 11. Nb1 f6 12. exf6 Nxf6 13. Bf4 Bd6 14. Bxd6 Qxd6 15.
Re1 Bd7 16. Ne5 Nxe5 17. Qxe5 Qb6 18. Qe2 e5 19. Qc2 Ng4 20. Re2 Bc6 21. Bxc6
Qxc6 22. h3 Ne3 23. Rxe3 dxe3 24. fxe3 Qf3 25. Nc3 Qxg3+ 26. Qg2 Qxe3+ 27. Kh1
Rf3 0-1

[Event "Caissa New Year IM 2012"]
[Site "Kecskemet (HUN)"]
[Date "2012.01.01"]
[Round "7.3"]
[White "Sarosi, Zoltan"]
[Black "Varga, Klara"]
[Result "1-0"]
[WhiteElo "2305"]
[BlackElo "2127"]
[PlyCount "141"]
[EventDate "2012.??.??"]

1. d4 e6 2. c4 Nf6 3. Nc3 Bb4 4. e3 b6 5. Nge2 Bb7 6. a3 Be7 7. d5 d6 8. e4
Nbd7 9. Ng3 Ne5 10. Be2 Qd7 11. f4 Ng6 12. O-O O-O 13. Be3 Ne8 14. Qd2 Kh8 15.
Bg4 Nf6 16. Bh3 Rfe8 17. Bd4 Bd8 18. Rae1 Qe7 19. f5 Ne5 20. fxe6 fxe6 21. Bxe6
Nxc4 22. Qe2 Ne5 23. Nh5 Qf8 24. g4 Rxe6 25. dxe6 Qe8 26. Bxe5 dxe5 27. Nxf6
gxf6 28. Qc4 Bc8 29. Qe2 Bxe6 30. Rf2 Be7 31. Rg2 c6 32. Qf3 b5 33. Ne2 Qg6 34.
h3 a5 35. Ng3 a4 36. Nf5 Bf8 37. Rd1 c5 38. Ne3 b4 39. Nd5 Rd8 40. Rf1 Bxd5 41.
exd5 Be7 42. Rd1 bxa3 43. bxa3 c4 44. Kf1 Bc5 45. Qf5 c3 46. Rc2 Qxf5+ 47. gxf5
Bd4 48. Ke2 Kg7 49. Kf3 Rxd5 50. Rxc3 Rb5 51. Rcd3 Rb2 52. R1d2 Rb1 53. Ke4 Rf1
54. Rg3+ Kh6 55. Rg4 Kh5 56. Rdg2 Bc3 57. Rg7 h6 58. R7g4 Bd4 59. R2g3 Bb6 60.
Rf3 Rd1 61. Rd3 Rb1 62. Rd6 Bc5 63. Rxf6 Bxa3 64. Ra6 Rb4+ 65. Kxe5 Bb2+ 66.
Ke6 Rxg4 67. hxg4+ Kxg4 68. Rxa4+ Kg3 69. f6 h5 70. f7 Bg7 71. Kf5 1-0

[Event "Caissa New Year IM 2012"]
[Site "Kecskemet (HUN)"]
[Date "2012.01.02"]
[Round "8.1"]
[White "Keresztes, Richard"]
[Black "Sarosi, Zoltan"]
[Result "1/2-1/2"]
[WhiteElo "2255"]
[BlackElo "2305"]
[PlyCount "23"]
[EventDate "2012.??.??"]

1. d4 d5 2. c4 e6 3. Nc3 Nf6 4. Nf3 Be7 5. Bg5 c6 6. e3 O-O 7. cxd5 exd5 8. Qc2
Nbd7 9. Bd3 Re8 10. O-O Nf8 11. Rab1 a5 12. a3 1/2-1/2

[Event "Caissa New Year IM 2012"]
[Site "Kecskemet (HUN)"]
[Date "2012.01.02"]
[Round "8.2"]
[White "Varga, Klara"]
[Black "Farkas, Tibor"]
[Result "1/2-1/2"]
[WhiteElo "2127"]
[BlackElo "2276"]
[PlyCount "27"]
[EventDate "2012.??.??"]

1. e4 c5 2. Nf3 Nc6 3. d4 cxd4 4. Nxd4 Nf6 5. Nc3 e5 6. Nf5 d5 7. exd5 Bxf5 8.
dxc6 Qxd1+ 9. Nxd1 bxc6 10. Ne3 Bg6 11. Bd2 Bc5 12. c3 O-O-O 13. Ba6+ Kc7 14.
f3 1/2-1/2

[Event "Caissa New Year IM 2012"]
[Site "Kecskemet (HUN)"]
[Date "2012.01.02"]
[Round "8.3"]
[White "Puranik, Abhimanyu"]
[Black "Meszaros, Gyula"]
[Result "1-0"]
[WhiteElo "1991"]
[BlackElo "2314"]
[PlyCount "111"]
[EventDate "2012.??.??"]

1. e4 e6 2. d4 d5 3. e5 c5 4. c3 Nc6 5. Nf3 Bd7 6. a3 c4 7. Be2 Na5 8. Nbd2 Bc6
9. Rb1 Qd7 10. O-O Ba4 11. Qe1 Bc2 12. Ra1 Qa4 13. Kh1 Be7 14. Ng1 h5 15. f4
O-O-O 16. g3 Kb8 17. Nh3 f6 18. Bf3 Qd7 19. Bd1 Bxd1 20. Qxd1 Nh6 21. Nf3 Nf5
22. Qe2 Rde8 23. Bd2 Bd8 24. Rae1 Bc7 25. Qf2 Nc6 26. Qg2 Nd8 27. Nh4 Nxh4 28.
gxh4 Nf7 29. Rg1 Nh6 30. Qxg7 Qxg7 31. Rxg7 fxe5 32. fxe5 Nf5 33. Rf7 Nxh4 34.
Bg5 Bd8 35. Bxd8 Rxd8 36. Nf4 Rdg8 37. Nxe6 Rg4 38. Ref1 a6 39. Nc5 Ka8 40. e6
Re8 41. Rf8 Rg8 42. R8f7 Ng6 43. R1f6 Ne7 44. Rh6 Rg5 45. Rhf6 Rgg8 46. Rh7 Rg5
47. Nd7 Nf5 48. Rhf7 Nd6 49. Rf8 Ka7 50. Rxe8 Nxe8 51. Rf8 Nd6 52. Nf6 h4 53.
e7 h3 54. Rd8 Rg7 55. Nxd5 Ne4 56. Ra8+ 1-0

[Event "Caissa New Year IM 2012"]
[Site "Kecskemet (HUN)"]
[Date "2012.01.03"]
[Round "9.1"]
[White "Puranik, Abhimanyu"]
[Black "Keresztes, Richard"]
[Result "1/2-1/2"]
[WhiteElo "1991"]
[BlackElo "2255"]
[PlyCount "39"]
[EventDate "2012.??.??"]

1. e4 Nc6 2. Nf3 d6 3. d4 Nf6 4. c3 g6 5. Bd3 Bg7 6. O-O O-O 7. b4 a6 8. Bb2 e5
9. a3 Nh5 10. b5 axb5 11. Bxb5 exd4 12. cxd4 Bg4 13. Bxc6 bxc6 14. Nbd2 c5 15.
h3 Bd7 16. Rb1 Bb5 17. Re1 Bd3 18. Ra1 Qb8 19. Bc3 Qa7 20. Nb3 1/2-1/2

[Event "Caissa New Year IM 2012"]
[Site "Kecskemet (HUN)"]
[Date "2012.01.03"]
[Round "9.2"]
[White "Meszaros, Gyula"]
[Black "Varga, Klara"]
[Result "1/2-1/2"]
[WhiteElo "2314"]
[BlackElo "2127"]
[PlyCount "26"]
[EventDate "2012.??.??"]

1. d4 Nf6 2. Bg5 e6 3. Nf3 d5 4. Nbd2 Be7 5. e3 h6 6. Bf4 O-O 7. Bd3 Nbd7 8. c4
c5 9. cxd5 Nxd5 10. Bg3 a6 11. O-O cxd4 12. Nxd4 Nc5 13. Rb1 Bf6 1/2-1/2

[Event "Caissa New Year IM 2012"]
[Site "Kecskemet (HUN)"]
[Date "2012.01.03"]
[Round "9.3"]
[White "Farkas, Tibor"]
[Black "Sarosi, Zoltan"]
[Result "1/2-1/2"]
[WhiteElo "2276"]
[BlackElo "2305"]
[PlyCount "29"]
[EventDate "2012.??.??"]

1. e4 c6 2. d4 d5 3. Nc3 dxe4 4. Nxe4 Bf5 5. Ng3 Bg6 6. Nf3 Nd7 7. Bd3 Bxd3 8.
Qxd3 Ngf6 9. O-O e6 10. c4 Be7 11. b3 O-O 12. Bb2 c5 13. dxc5 Nxc5 14. Qxd8
Rfxd8 15. Rad1 1/2-1/2

[Event "Caissa New Year IM 2012"]
[Site "Kecskemet (HUN)"]
[Date "2012.01.04"]
[Round "10.1"]
[White "Keresztes, Richard"]
[Black "Farkas, Tibor"]
[Result "1/2-1/2"]
[WhiteElo "2255"]
[BlackElo "2276"]
[PlyCount "24"]
[EventDate "2012.??.??"]

1. d4 d5 2. c4 c6 3. Nc3 Nf6 4. Nf3 dxc4 5. a4 Bf5 6. e3 e6 7. Bxc4 Bb4 8. O-O
Nbd7 9. Qe2 O-O 10. Bd2 c5 11. Rac1 a6 12. Rfd1 Qe7 1/2-1/2

[Event "Caissa New Year IM 2012"]
[Site "Kecskemet (HUN)"]
[Date "2012.01.04"]
[Round "10.2"]
[White "Sarosi, Zoltan"]
[Black "Meszaros, Gyula"]
[Result "1/2-1/2"]
[WhiteElo "2305"]
[BlackElo "2314"]
[PlyCount "31"]
[EventDate "2012.??.??"]

1. d4 d5 2. Nf3 Nf6 3. Nc3 c6 4. Bg5 Nbd7 5. e3 e6 6. Bd3 Be7 7. O-O O-O 8. e4
dxe4 9. Nxe4 Nxe4 10. Bxe7 Qxe7 11. Bxe4 Nf6 12. Bd3 Bd7 13. Ne5 Rfd8 14. c4 c5
15. dxc5 Qxc5 16. Qe2 1/2-1/2

[Event "Caissa New Year IM 2012"]
[Site "Kecskemet (HUN)"]
[Date "2012.01.04"]
[Round "10.3"]
[White "Varga, Klara"]
[Black "Puranik, Abhimanyu"]
[Result "0-1"]
[WhiteElo "2127"]
[BlackElo "1991"]
[PlyCount "56"]
[EventDate "2012.??.??"]

1. e4 e6 2. d4 d5 3. Nd2 Nf6 4. e5 Nfd7 5. Bd3 c5 6. c3 Nc6 7. Ne2 cxd4 8. cxd4
f6 9. exf6 Nxf6 10. Nf3 Bd6 11. Bf4 O-O 12. Bg3 Qc7 13. Rc1 Bxg3 14. hxg3 g6
15. Nf4 Ne4 16. Kf1 Qe7 17. Qe2 g5 18. Bxe4 dxe4 19. Qxe4 gxf4 20. gxf4 e5 21.
fxe5 Bf5 22. Qe3 Rad8 23. Rh5 Kh8 24. Rh6 Qg7 25. Re1 Nb4 26. Rd1 Bc2 27. Rd2
Rxf3 28. gxf3 Nd5 0-1